[Event "Novosibirsk Sukharev Memorial op"]
[Site "Novosibirsk"]
[Date "2012.07.22"]
[Round "5"]
[White "Erykalova, Marina"]
[Black "Podmarjkov, Sergei"]
[Result "1-0"]
[WhiteElo "1936"]
[BlackElo "2065"]
[PlyCount "131"]
[EventDate "2012.07.18"]
[EventType "swiss"]
[EventRounds "9"]
[EventCountry "RUS"]
[SourceTitle "EXT 2013"]
[Source "ChessBase"]
[SourceDate "2012.11.22"]
[SourceVersion "1"]
[SourceVersionDate "2012.11.22"]
[SourceQuality "1"]

1. d4 Nf6 2. Nf3 e6 3. c4 d5 4. Nc3 Be7 5. Bg5 h6 6. Bh4 0-0 7. e3 c6 8. Bd3 dxc4 9. Bxc4 Nbd7 10. 0-0 b5 11. Bd3 Bb7 12. e4 b4 13. Na4 Qa5 14. Nd2 c5 15. Nc4 Qc7 16. Bg3 Qd8 17. Nd6 Bc6 18. Nxc5 Nxc5 19. dxc5 Qa5 20. Qc2 Rfd8 21. e5 Bxd6 22. cxd6 Qd5 23. f3 Nd7 24. Be4 Qd4+ 25. Bf2 Bxe4 26. Qxe4 Qxe4 27. fxe4 Nxe5 28. Bg3 f6 29. Bxe5 fxe5 30. Rad1 Rac8 31. Rf2 Rc4 32. Rfd2 Kf7 33. b3 Rc6 34. Rf2+ Kg6 35. d7 a5 36. h3 Kg5 37. Rf7 Kg6 38. Re7 Rc7 39. Rxe6+ Kf7 40. Rxe5 Rcxd7 41. Rxd7+ Rxd7 42. Rxa5 Rd4 43. e5 Ke6 44. Rb5 h5 45. Rb7 g5 46. Rh7 Kxe5 47. Rxh5 Kf4 48. Rh7 Kg3 49. Rf7 Rd1+ 50. Rf1 Rd3 51. Re1 Rd2 52. Re3+ Kf4 53. Rf3+ Ke4 54. Rf2 Rd1+ 55. Kh2 Rd3 56. Re2+ Kf4 57. Re7 Rd2 58. Rb7 Rd4 59. Rb5 g4 60. hxg4 Kxg4 61. Rc5 Rd2 62. Rc4+ Kg5 63. Rxb4 Rxa2 64. Kg3 Rb2 65. Rg4+ Kf6 66. Kf3 1-0

[Event "Novosibirsk op"]
[Site "Novosibirsk"]
[Date "2010.06.09"]
[Round "6"]
[White "Erykalova, Marina"]
[Black "Romanov, Viktor"]
[Result "1-0"]
[WhiteElo "1882"]
[BlackElo "1961"]
[PlyCount "57"]
[EventDate "2010.06.03"]
[EventType "swiss"]
[EventRounds "9"]
[EventCountry "RUS"]
[SourceTitle "CBM 136 Extra"]
[Source "ChessBase"]
[SourceDate "2010.07.02"]
[SourceVersion "2"]
[SourceVersionDate "2010.07.15"]
[SourceQuality "1"]

1. d4 Nf6 2. c4 g6 3. Nc3 d5 4. cxd5 Nxd5 5. e4 Nxc3 6. bxc3 Bg7 7. Bc4 0-0 8. Ne2 c5 9. 0-0 cxd4 10. cxd4 Nc6 11. Be3 b6 12. Bd5 Bb7 13. Rc1 Qd7 14. Qa4 Rfc8 15. f3 e6 16. Bb3 a6 17. d5 exd5 18. exd5 Qe7 19. Qe4 Qxe4 20. fxe4 Na5 21. Bxb6 Nxb3 22. axb3 Be5 23. Rcd1 Rc2 24. Nd4 Rb2 25. Nf3 Rxb3 26. Nxe5 Rxb6 27. Nxf7 Rf8 28. d6 Bxe4 29. Nh6+ 1-0

[Event "Novosibirsk op"]
[Site "Novosibirsk"]
[Date "2010.06.08"]
[Round "5"]
[White "Volkov, Petr"]
[Black "Erykalova, Marina"]
[Result "1-0"]
[WhiteElo "2065"]
[BlackElo "1882"]
[PlyCount "54"]
[EventDate "2010.06.03"]
[EventType "swiss"]
[EventRounds "9"]
[EventCountry "RUS"]
[SourceTitle "CBM 136 Extra"]
[Source "ChessBase"]
[SourceDate "2010.07.02"]
[SourceVersion "2"]
[SourceVersionDate "2010.07.15"]
[SourceQuality "1"]

1. e4 e6 2. d4 d5 3. Nc3 Bb4 4. Bd2 dxe4 5. Qg4 Nf6 6. Qxg7 Rg8 7. Qh6 Qxd4 8. Nge2 Qd8 9. 0-0-0 Nbd7 10. Ng3 b6 11. Ncxe4 Bxd2+ 12. Rxd2 Bb7 13. Bb5 Rg6 14. Nxf6+ Qxf6 15. Bxd7+ Ke7 16. Qe3 Rgg8 17. Qa3+ c5 18. Qd3 Qf4 19. Qe3 Qf6 20. f3 Rgd8 21. Rhd1 Bd5 22. Ba4 Rac8 23. Rxd5 Rxd5 24. Rxd5 Rd8 25. Rxd8 Kxd8 26. Qd3+ Qd4 27. Qxd4+ cxd4 1-0

[Event "Novosibirsk April op"]
[Site "Novosibirsk"]
[Date "2010.04.12"]
[Round "9"]
[White "Yakushev, Nikolai"]
[Black "Erykalova, Marina"]
[Result "1-0"]
[WhiteElo "2167"]
[BlackElo "1861"]
[PlyCount "85"]
[EventDate "2010.04.02"]
[EventType "swiss"]
[EventRounds "9"]
[EventCountry "RUS"]
[SourceTitle "EXT 2011"]
[Source "ChessBase"]
[SourceDate "2010.11.26"]
[SourceVersion "1"]
[SourceVersionDate "2010.11.26"]
[SourceQuality "1"]

1. b3 d5 2. Bb2 c5 3. Nf3 Nc6 4. e3 a6 5. Be2 Nf6 6. 0-0 Bg4 7. c4 e6 8. d3 Be7 9. Nbd2 0-0 10. Rc1 Rc8 11. Qc2 Nb4 12. Qb1 h6 13. Rfd1 Qb6 14. cxd5 exd5 15. Nf1 Qe6 16. Ng3 Rfd8 17. h3 Bxf3 18. Bxf3 Bd6 19. Ne2 Nc6 20. d4 cxd4 21. Nxd4 Nxd4 22. Bxd4 Ne4 23. Qb2 Ng5 24. Bg4 f5 25. Be2 Qg6 26. h4 Ne6 27. Rxc8 Rxc8 28. Be5 Bxe5 29. Qxe5 Kh8 30. Bd3 Rf8 31. Qxd5 Rd8 32. Qf3 Qf6 33. Bc4 Rxd1+ 34. Qxd1 b5 35. Bd5 a5 36. Qc1 Kh7 37. g3 Qe5 38. Qc6 Nc7 39. Bf7 b4 40. Bg6+ Kg8 41. Qd7 Qc5 42. Qc8+ Qf8 43. Bh7+ 1-0

[Event "Novosibirsk April op"]
[Site "Novosibirsk"]
[Date "2010.04.03"]
[Round "2"]
[White "Erykalova, Marina"]
[Black "Popov, Nikita"]
[Result "0-1"]
[WhiteElo "1861"]
[BlackElo "1993"]
[PlyCount "98"]
[EventDate "2010.04.02"]
[EventType "swiss"]
[EventRounds "9"]
[EventCountry "RUS"]
[SourceTitle "EXT 2011"]
[Source "ChessBase"]
[SourceDate "2010.11.26"]
[SourceVersion "1"]
[SourceVersionDate "2010.11.26"]
[SourceQuality "1"]

1. d4 f5 2. c4 Nf6 3. g3 g6 4. Bg2 Bg7 5. Nf3 d6 6. 0-0 0-0 7. Qc2 Qe8 8. Nbd2 e5 9. c5 e4 10. Ng5 h6 11. Nh3 d5 12. Nb1 g5 13. Nc3 f4 14. gxf4 g4 15. Ng5 Bf5 16. Qb3 c6 17. Ngxe4 Bxe4 18. Nxe4 Nxe4 19. Bxe4 Qxe4 20. Qxb7 Bxd4 21. Qxa8 Qe7 22. e3 Bg7 23. Bd2 Qd7 24. Rab1 Na6 25. Qxf8+ Kxf8 26. b4 Nc7 27. a4 a6 28. Rfc1 Qf5 29. b5 cxb5 30. axb5 Nxb5 31. c6 Ke8 32. Ba5 Bf8 33. c7 Qc8 34. Rxb5 axb5 35. Rb1 b4 36. Rd1 Bd6 37. Rxd5 Bxc7 38. Rc5 b3 39. Rxc7 Qxc7 40. Bxc7 b2 41. Kg2 b1Q 42. Be5 Qe4+ 43. Kg1 Qf3 44. Bf6 Kf7 45. Bh4 Ke6 46. Bg3 Kd5 47. Kf1 Ke4 48. Kg1 Kd3 49. Kf1 Qh1# 0-1

[Event "Dimitrovgrad-ch"]
[Site "Dimitrovgrad"]
[Date "2009.??.??"]
[Round "6"]
[White "Erykalova, Marina"]
[Black "Konyukhov, Mikhail"]
[Result "1/2-1/2"]
[WhiteElo "1895"]
[BlackElo "1910"]
[PlyCount "81"]
[EventDate "2009.08.??"]
[EventType "swiss"]
[EventRounds "9"]
[EventCountry "RUS"]
[SourceTitle "EXT 2012"]
[Source "ChessBase"]
[SourceDate "2011.11.24"]
[SourceVersion "1"]
[SourceVersionDate "2011.11.24"]
[SourceQuality "1"]

1. d4 Nf6 2. Nf3 e6 3. c4 Bb4+ 4. Bd2 Qe7 5. a3 Bxd2+ 6. Nbxd2 d6 7. e3 e5 8. Be2 e4 9. Ng1 0-0 10. Qc2 c6 11. Bd1 d5 12. Ne2 Be6 13. Ng3 Nbd7 14. 0-0 Ne8 15. Qb3 Rb8 16. Be2 f5 17. cxd5 Bxd5 18. Bc4 Qe6 19. Bxd5 cxd5 20. Ne2 g5 21. f4 g4 22. Rfc1 Ndf6 23. Nf1 Qf7 24. Nc3 Nd6 25. Qb4 Rfd8 26. Na4 b6 27. b3 Qd7 28. Qd2 Rbc8 29. Rxc8 Rxc8 30. Rc1 Nb5 31. Rxc8+ Qxc8 32. Qb4 Qd7 33. Nc3 Nxc3 34. Qxc3 Ne8 35. Ng3 Kf7 36. Kf2 Kg6 37. Ke2 Qc7 38. Kd2 Kf6 39. Qxc7 Nxc7 40. Kc3 Ke6 41. Kb4 1/2-1/2